Manual de atención temprana (Registro nro. 22105)

Detalles MARC
000 -Cabecera
Campo de control interno 00843nam a2200253Ia 4500
005 - Fecha y hora del registro
control field 20260320113343.0
008 - Elementos de Longitud Fija
fixed length control field 260320s9999||||xx |||||||||||||| ||und||
020 ## - ISBN
ISBN 9788436818482
041 ## - Idioma
Codigo Idioma ESP
082 ## - DEWEY y NOTACIÓN INTERNA
Dewey 155.422
Notación Interna P45
100 ## - AUTOR
Autor denominación Pérez-López, Julio,
Término de relación coordinador
245 #0 - TÍTULO DE MATERIAL BIBLIOGRÁFICO
Título Manual de atención temprana
Título paralelo
246 ## - TÍTULO TRADUCIDO
Título
Título paralelo
Autor
260 ## - CIUDAD, EDITORIAL, AÑO
Ciudad Madrid :
Nombre de la Editorial Ediciones Pirámide,
Año 2006
300 ## - DESCRIPCIÓN
N° Páginas 430 páginas :
Otros detalles figuras, tablas ;
Dimensiones 24 cm.
Material Adicional
440 ## - MENCIÓN DE SERIE
Título de la Serie
Número de Serie
Volumen de Serie
650 ## - TEMAS
Temas Psicología
653 ## - DESCRIPTORES
Lenguajes no controlado Psicología infantil; Psicología del desarrollo; Atención - Infantes
654 ## - PROGRAMAS
Programa Dpto. de Psicología
700 ## - OTROS AUTORES
Otros autores Brito de la Nuez, Alfredo G.,
Títulos y otras palabras asociadas con el nombre coordinador
856 ## - URL - UBICACIÓN
URI/URL: Enlace exacto del recurso <a href="https://itmsp.museknowledge.com/UCSP?groupID=2&action=source&sourceID=EBSCO_IP">https://itmsp.museknowledge.com/UCSP?groupID=2&action=source&sourceID=EBSCO_IP</a>
Nota pública: Versión digital <a href="Véase además: Base de datos ProQuest Ebook Central">Véase además: Base de datos ProQuest Ebook Central</a>
942 ## - ELEMENTOS DE KOHA
Tipo de documento Libro
Nombre del creador Justo Noguera
Código de catalogador Tania Ramirez
Esquema de clasificación Dewey Decimal Classification
Suppress in OPAC
Existencias
Codigo completo Registro Colección Copia número Disponibilidad Tipo de préstamo Biblioteca Actual Procedencia (Biblioteca) Ubicacón Fecha Ingreso Tipo de Adquisición Observación Date last seen Total checkouts Price effective from Tipo de Item Estado del Material Fuente de Clasificación Damaged status Withdrawn status
155.422 P45 1088137 Universidad Católica San Pablo 1 Disponible Disponible Víctor Andrés Belaunde Víctor Andrés Belaunde Planta baja abierta 10/03/2026 Donación Gilda Espinoza 20/03/2026   20/03/2026 Libro Bueno Dewey Decimal Classification